Tratado de derecho judicial civil / (Record no. 110726)

MARC details
000 -LEADER
campo de control de longitud fija 01379nam a2200289 i 4500
001 - NÚMERO DE CONTROL
campo de control 110726
003 - IDENTIFICADOR DE NÚMERO DE CONTROL
campo de control ES-MaACL
005 - FECHA Y HORA DE LA ÚLTIMA TRANSACCIÓN
campo de control 20230908184130.0
007 - CAMPO FIJO DE DESCRIPCIÓN FÍSICA--INFORMACIÓN GENERAL
campo de control de longitud fija t|
008 - DATOS DE LONGITUD FIJA--INFORMACIÓN GENERAL
campo de control de longitud fija 070123m19301933sp ||||1| spa d
080 ## - NÚMERO DE LA CLASIFICACIÓN DECIMAL UNIVERSAL
Número de la Clasificación Decimal Universal 347.91/.95(450)
080 ## - NÚMERO DE LA CLASIFICACIÓN DECIMAL UNIVERSAL
Número de la Clasificación Decimal Universal 347.99(450)
100 1# - ENTRADA PRINCIPAL--NOMBRE DE PERSONA
Nombre de persona Mattirolo, Luigi.
9 (RLIN) 79155
245 10 - MENCIÓN DEL TÍTULO
Título Tratado de derecho judicial civil /
Mención de responsabilidad, etc. por Luis Mattirolo ; traducción de la quinta edición italiana completamente revisada y aumentada por el autor ; traducción de Eduardo Ovejero Maury, Constancio Bernaldo de Quirós, Manuel López-Rey y Arrojo.
250 ## - MENCION DE EDICION
Mención de edición 1ª ed.
260 ## - PUBLICACIÓN, DISTRIBUCIÓN, ETC.
Lugar de publicación, distribución, etc. Madrid :
Nombre del editor, distribuidor, etc. Hijos de Reus,
Fecha de publicación, distribución, etc. 1930-<1933>
300 ## - DESCRIPCIÓN FÍSICA
Extensión 2 v. ;
Dimensiones 23 cm.
490 1# - MENCIÓN DE SERIE
Mención de serie Biblioteca jurídica de autores españoles y extranjeros ;
Designación de volumen o secuencia 141-142
505 8# - NOTA DE CONTENIDO CON FORMATO
Nota de contenido con formato Contiene: t. 1. El poder judicial en su organización y actuación en la vida del Derecho.(E-3123).-- t. 2. Las partes. El juicio: su constitución e instrucción. La prueba: prueba "simple"...(E-3124)
650 #4 - PUNTO DE ACCESO ADICIONAL DE MATERIA--TÉRMINO DE MATERIA
Término de materia o nombre geográfico como elemento de entrada Procedimiento civil-
Subdivisión geográfica Italia.
9 (RLIN) 16423
700 1# - ENTRADA AGREGADA--NOMBRE PERSONAL
Nombre de persona Ovejero y Maury, Eduardo,
Fechas asociadas al nombre 1871-1939?
9 (RLIN) 88002
700 1# - ENTRADA AGREGADA--NOMBRE PERSONAL
Nombre de persona Bernaldo de Quirós, Constancio,
Fechas asociadas al nombre 1873-1959
9 (RLIN) 28215
700 1# - ENTRADA AGREGADA--NOMBRE PERSONAL
Nombre de persona López-Rey y Arrojo, Manuel.
9 (RLIN) 73916
830 0# - PUNTO DE ACCESO ADICIONAL DE SERIE-TÍTULO UNIFORME
Título uniforme Biblioteca jurídica de autores españoles y extranjeros ;
Designación de volumen o secuencia 141-142
9 (RLIN) 182228
852 ## - LOCALIZACIÓN
Ubicación ES-MaACL
Número de control de estantería E-3123-24
Holdings
Estatus retirado Estado de pérdida Estado de daño No para préstamo Biblioteca de origen Biblioteca actual Ubicación en estantería Fecha de adquisición Fuente de adquisición Total de préstamos Signatura topográfica completa Código de barras Visto por última vez Precio de reemplazo Tipo de ítem Koha
        Biblioteca del Ateneo de Madrid Biblioteca del Ateneo de Madrid Depósito 2 17/01/2008     E-3123-24 1115524 23/02/2023 23/02/2023 Libro impreso